000 00625nam a22002297a 4500
005 20240830063004.0
008 240830b |||||||| |||| 00| 0 eng d
020 _a9789358497915
040 _aIN-DiNC
_cIN-DiNC
041 _dasm
082 _a320.6
_bBHA
245 _aBharatbarshar charkari niti/
_cby Mridul Dutta and others
250 _a1st ed.
260 _aDibrugarh:
_bBanalata,
_c2024.
300 _a166p.
650 _aPublic policy in India
700 _aDutta, Mridul
_eauthor
700 _aBaruah, Arun
_eauthor
700 _aBoro, Monika
_eauthor
700 _aBaruah, Akashi
_eauthor
942 _2ddc
_cBK
999 _c11907
_d11907